Statistics for Deadliest Wars In History

Click here to take the quiz!

General Stats

  • This quiz has been taken 66 times
  • The average score is 5 of 21

Answer Stats

HintAnswer% Correct
Multiple CountriesWorld War II
100%
Multiple CountriesWorld War I
98%
KoreanKorean War
60%
Multiple CountriesNapoleonic War
33%
RussiaRussian Civil War
32%
MongoliaMongol Conquest
30%
ChinaChinese Civil war
28%
Iran and IraqIran-Iraq War
23%
ChinaTaiping Rebellion
20%
CongoSecond Congo War
15%
China and JapanSecond Sino Japanese War
13%
MexicoMexican Revolution
10%
ChinaAn lushan Rebellion
5%
ChinaDungan Revolt
5%
KoreaJapanese invasion of Korea
5%
FranceFrench Wars of Religon
0%
NigeriaNigeria Civil War
0%
ChinaQing conquest of the Ming
0%
IsraelSiege of Jerusalem
0%
Multiple CountriesThirty Year War
0%
ChinaThree kingdom War
0%

Score Distribution

Percentile by Number Answered

Percent of People with Each Score

Your Score History

You have not taken this quiz